فسا نہء آ ز ا د (جلد سو م ) حصہ د و م (Record no. 172987)

MARC details
000 -LEADER
fixed length control field 00948nam a22002417a 4500
005 - DATE AND TIME OF LATEST TRANSACTION
control field 20200217122551.0
008 - FIXED-LENGTH DATA ELEMENTS--GENERAL INFORMATION
fixed length control field 090109t xxu||||| |||| 00| 0urd d
010 ## - LCCN (DPL NO)
LC control number A-279787
020 ## - INTERNATIONAL STANDARD BOOK NUMBER
Terms of availability 67.50
International Standard Book Number -
035 ## - SYSTEM CONTROL NUMBER
System control number A-279787
037 ## - SOURCE OF ACQUISITION
Source of stock number/acquisition BPPD/Ven.
040 ## - CATALOGING SOURCE
Original cataloging agency DPL
Language of cataloging Urdu
082 ## - DEWEY DECIMAL CLASSIFICATION NUMBER
Classification number ک
100 ## - MAIN ENTRY--PERSONAL NAME
9 (RLIN) 12785
Personal name ر تن نا تھ سر شا ر
245 ## - TITLE STATEMENT
Title فسا نہء آ ز ا د (جلد سو م ) حصہ د و م
Statement of responsibility, etc ر تن نا تھ سر شا ر
246 ## - VARYING FORM OF TITLE
Title proper/short title Fasana-e-Azad
Remainder of title by Ratan Nath Sershar
260 ## - PUBLICATION, DISTRIBUTION, ETC. (IMPRINT)
Place of publication, distribution, etc N.Delhi
Date of publication, distribution, etc 1907
Name of publisher, distributor, etc Taraqee Urdu beoro
270 ## - ADDRESS
Address West Block,8,R.K. Puram New delhi
City N.Delhi
Postal code 110066
Telephone number -
300 ## - PHYSICAL DESCRIPTION
Extent 1804+72 ص
Dimensions 22 Cm (Hb)
942 ## - ADDED ENTRY ELEMENTS (KOHA)
Source of classification or shelving scheme Dewey Decimal Classification
Item type Urdu Bks
Classification part ک
Call number suffix ر ت ن
Holdings
Withdrawn status Lost status Source of classification or shelving scheme Damaged status Not for loan Collection code Home library Current library Date acquired Source of acquisition Cost, normal purchase price Total Checkouts Full call number Barcode Date last seen Copy number Cost, replacement price Koha item type
    Dewey Decimal Classification     Fiction Central Library Central Library 17/02/2020 BPPD/Ven. 67.50   ک ر ت ن A-279787. 17/02/2020 1 67.50 Urdu Bks

© Delhi Public Library
Hit Counter
free hit counter